000
00304nam a2200133Ia 4500
100
_a
Kimball &Kimball
942
_c
BK
654
_a
Management.
245
_a
Industrial organization.
260
_b
Vakils Feffer & Simons Private Ltd
_c
2001
082
_a
658.02467
300
_a
531
546
_a
ENGLISH
999
_c
17975
_d
17975